Normal view
MARC view
Entry Personal Name
001 - CONTROL NUMBER
- control field: 12082
003 - CONTROL NUMBER IDENTIFIER
- control field: TZ-ArACH
005 - DATE AND TIME OF LATEST TRANSACTION
- control field: 20130709115505.0
008 - FIXED-LENGTH DATA ELEMENTS
- fixed length control field: 130709|||a|||||| | ||| d
040 ## - CATALOGING SOURCE
- Original cataloging agency: TZ-ArACH
- Transcribing agency: TZ-ArACH
100 ## - HEADING--PERSONAL NAME
- Personal name: Hamant, Hélène,
- Dates associated with a name: 1974-....
670 ## - SOURCE DATA FOUND
- Source citation: Work cat.: (TZ-ArACH)2478: Hamant, Hélène, 1974-.... aut, Démembrement de l'URSS et problèmes de succession d'Etats /, 2007.
670 ## - SOURCE DATA FOUND
- Source citation: Work cat.: (TZ-ArACH)2478: Hamant, Hélène, 1974-.... aut, Démembrement de l'URSS et problèmes de succession d'Etats /, 2007.
